Quizzes
Events
Quiz Creation
Community
Videos
Private Events
Remove Ads
Sign In
Join for FREE
Feedback
Dark Mode
Quiz Categories
Sports
Geography
Music
Movies
Television
Just For Fun
Miscellaneous
History
Literature
Language
Science
Gaming
Entertainment
Religion
Holiday
For Kids
Quiz Lab
Recent
Popular Today
Quiz Kudos Today
Editor Picks
Curator Picks
Quizzes by...
Day
Popularity
Type
Ratings
Length
Year
Community
Subscriptions
Recent Discussions
Orange Saloon
Badges
Playlists
Quests
Create
Leaderboards
Showdown
Live 5
Trivia Bingo
Activity
Puzzle Library
Sporcle Events
Private Events
Virtual Trivia
Globe League
Become a Host
Pub Owners
SporcleCon
Opinionation
Our Games
Videos
Blog
Mobile Apps
Partnerships
Remove Ads and Go Orange
Feedback
Music
Pop Music
The Beatles
Song
Album
Lyrics
Bands
Singers
Artist
Clip
Rock
Rap
Classical
Billboard
Country Music
Kpop
Taylor Swift
Music
Pop Music
The Beatles
Song
Album
Lyrics
Bands
Singers
Artist
Clip
Rock
Rap
Classical
Billboard
Country Music
Kpop
Taylor Swift
Random Quiz
Search Sporcle
×
Quiz Lab
Quiz Lab
Music
Album
Type in answers that appear in a list
Type in answers that appear in a list
Classic
Best Score? Go Orange.
Number One Albums of 2011 Stats
Can you name the Number One Albums of 2011?
By
magicalkidd
10m
53 Questions
36 Plays
36 Plays
36 Plays
Comments
Comments
Give Quiz Kudos
Give Quiz Kudos
-
- Ratings
hide this ad
More Info
Replay
Link that replays current quiz
Next Quiz
Link to next quiz in quiz playlist
You Got
0%
They Got
Avg Score
56%
Avg Friend Score
Upgrade to see
Score Distribution
Jump to the score distribution portion of the page
Score
0/53
Timer
10:00
0
Plays Today
Week
Album Name
% Correct
March 12
21
100%
March 19
21
100%
April 2
21
100%
April 23
21
100%
May 7
21
100%
May 14
21
100%
May 21
21
100%
May 28
21
100%
June 4
21
100%
June 25
21
100%
August 6
21
100%
August 20
21
100%
November 5
21
100%
June 11
Born This Way
80.6%
June 18
Born This Way
80.6%
January 1
Speak Now
77.8%
January 8
Speak Now
77.8%
January 15
Speak Now
77.8%
January 22
Speak Now
77.8%
December 10
Christmas
61.1%
December 17
Christmas
61.1%
December 24
Christmas
61.1%
December 31
Christmas
61.1%
February 19
Pink Friday
58.3%
August 27
Watch The Throne
58.3%
September 3
Watch The Throne
58.3%
September 17
Tha Carter IV
55.6%
Week
Album Name
% Correct
September 24
Tha Carter IV
55.6%
November 12
Mylo Xyloto
50%
April 16
Femme Fatale
47.2%
July 16
4
44.4%
July 23
4
44.4%
March 5
Never Say Never - The Remixes
38.9%
April 9
F.A.M.E.
38.9%
December 3
Take Care
38.9%
October 1
Own The Night
36.1%
October 29
Evanescence
36.1%
July 30
Red River Blue
27.8%
October 8
Duets II
27.8%
March 26
Lasers
25%
August 13
Chief
25%
February 26
Now 37
22.2%
November 19
Under The Mistletoe
22.2%
April 30
Wasting Light
19.4%
November 26
Blue Slide Park
19.4%
February 5
The King Is Dead
16.7%
October 15
Cole World: The Sideline Story
16.7%
July 2
Hell: The Sequel
13.9%
September 10
The R.E.D. Album
13.9%
October 22
Clear As Day
13.9%
January 29
Showroom of Compassion
11.1%
February 12
Mission Bell
8.3%
July 9
The Light Of The Sun
8.3%
Quiz Playlist
Details
Report
Send in Message
Add To Playlist
More Info:
You only need to enter each album once per artist.
Classic:
Type in answers that appear in a list
Quiz Source
Last Updated: Feb 16, 2017
Quiz Scoreboard
CHALLENGE
Sign Up to Join the Scoreboard
Show All
Scores
Hide
Comments
May contain spoilers
Recently Published
TV Characters by Other Roles V
by ghcgh
Television
5m
Decade Duel: World Leaders
by jenniferyan
History
4m
Alphabetical 'K' Countries by Flag Minefield
by ylime102
Geography
3m
More to Explore
Quiz From the Vault
Featured Blog Post
15 Basketball Trivia Facts You Can Be March Mad About
hide this ad
You Might Also Like...
Tags
Album Quiz
Artist Quiz
2011
Week
Today's Top Quizzes in Music
Browse Music
hide this ad
Today's Top Quizzes in Album
Browse Album
Top Contributed Quizzes in Music
1
Taylor Swift All Songs (2024)
2
Decade Duel: Singer
3
Taylor Swift Logic Puzzle
4
KPOP LOGIC QUIZ
5
Guess the Taylor Swift song (Mystery Song)
6
Guess The Taylor Swift Lyrics Song #1
7
A Taylor Swift Logic Puzzle
8
kpop group name match up
9
2 word kpop group match
10
Madness Songs By Image
Explore More
Trending Topics
Anime
Harry Potter
Marvel
NBA
Kpop
Crossword
Disney
Pokémon
WWE
Puzzle
The Office
Song
Soccer
NFL
Country
hide this ad
More By:
magicalkidd
Quiz
Plays
Rating
Category
Featured
Created
Michael Jackson Opening Lyrics
3,260
4.73
Music
Jan 15, 2011
EastEnders - 30 Years of Cliffhangers
1,752
5.00
Television
Mar 28, 2018
All-Time Billboard 200
1,713
3.94
Music
Nov 12, 2015
Beyoncé Live!
1,642
5.00
Music
Sep 15, 2013
Madonna Live!
1,513
5.00
Music
Jan 24, 2013
Go to Creator's Profile
Score Distribution
Quiz Creator Spotlight
magicalkidd
Follow
Send a Message
Quizzes Created
-
Created Quiz Play Count
-
More By This Creator
Popular Quizzes Today
1
Countries of Asia Without Outlines Minefield
2
Find the US States - No Outlines Minefield
3
Pick 6: Fruits
4
The Countries of the World
5
Find the Countries of Europe - No Outlines Minefield
6
Alphabetical 'K' Countries by Flag Minefield
7
US States
8
Find the US States
More Music Quizzes
Clickable Hits of the 2000s
Published
Trending Quizzes
Pick 6: Mountains
Pick 6: Harry Potter
Pick 6: Flags
Pick 6: NFL Teams
C Names for Actors
Recently Updated
Adaptations: Name the Title
pecheneg
NWSL Teams
pecheneg
Women's Final Four Teams by Year
bhenderson79
Presidents Quartet II
eogle
Anything But Clue(do)
eogle
Anything But Oceanian Capitals
eogle
Anything But 7
eogle
Anything But Thing
eogle
Word Ladder: February 29
pecheneg
Song Title Questions
pecheneg
Trending Topics
Disney
Harry Potter
Marvel
NBA
Crossword
Anime
Kpop
Soccer
Song
Country
Pokémon
The Office
WWE
Puzzle
NFL
Your Account Isn't Verified!
In order to create a playlist on Sporcle, you need to verify the email address you used during registration. Go to your
Sporcle Settings
to finish the process.
Report this User
Report this user for behavior that violates our
Community Guidelines
.
Details:
Send Report
Go to the Sporcle.com Mobile Site →
Comments